The crescent in clouds : (Record no. 171427)

MARC details
000 -LEADER
fixed length control field 00643nam a2200193 4500
005 - DATE AND TIME OF LATEST TRANSACTION
control field 20200113153421.0
010 ## - LCCN (DPL NO)
LC control number ENG-127363
020 ## - INTERNATIONAL STANDARD BOOK NUMBER
International Standard Book Number 9789388691284
Terms of availability 495.00
035 ## - SYSTEM CONTROL NUMBER
System control number EN-110895
037 ## - SOURCE OF ACQUISITION
Source of stock number/acquisition DBAD/PUB
082 ## - DEWEY DECIMAL CLASSIFICATION NUMBER
Classification number 270
100 ## - MAIN ENTRY--PERSONAL NAME
Personal name Wasey,Akhtarul
245 ## - TITLE STATEMENT
Title The crescent in clouds :
Statement of responsibility, etc by Akhtarul wasey
Remainder of title The most common questions about islam and muslims/
260 ## - PUBLICATION, DISTRIBUTION, ETC. (IMPRINT)
Place of publication, distribution, etc Delhi
Name of publisher, distributor, etc Shipra Publications
Date of publication, distribution, etc 2019
270 ## - ADDRESS
Address LG 18-19,Pankaj central Market IP Ext.,Patpargani
City Delhi
Postal code 110092
Electronic mail address info@shiprapublication.com
300 ## - PHYSICAL DESCRIPTION
Extent 162p.
Dimensions 23cm(pbk)
500 ## - GENERAL NOTE
General note include index
942 ## - ADDED ENTRY ELEMENTS (KOHA)
Source of classification or shelving scheme Dewey Decimal Classification
Item type English Books
Classification part 270
Call number suffix WAS
Holdings
Withdrawn status Lost status Not for loan Collection code Home library Current library Date acquired Source of acquisition Cost, normal purchase price Full call number Barcode Copy number Cost, replacement price Koha item type
      Non-fiction Sarojini Nagar Sarojini Nagar 13/01/2020 DBAD/PUB 495.00 270 WAS EN-110895 1 495.00 English Books

© Delhi Public Library
Hit Counter
free hit counter